| 000 | 00726nam a2200217 i 4500 | ||
|---|---|---|---|
| 001 | 91928 | ||
| 003 | ES-MaACL | ||
| 005 | 20230906180846.0 | ||
| 007 | t| | ||
| 008 | 050308s2004 sp ||||1| spa d | ||
| 020 | _a84-7844-824-1 | ||
| 080 | _a76.034.7 | ||
| 100 | 1 |
_aKlossowski de Rola, Stanislas. _968297 |
|
| 245 | 1 | 3 |
_aEl juego áureo _b: 533 grabados alquímicos del siglo XVII / _cStanislas Klossowski de Rola ; traducción de José Antonio Torres Almodóvar. |
| 260 |
_aMadrid : _bSiruela, _c2004. |
||
| 300 |
_a324 p. ; _c31 cm. |
||
| 650 | 4 |
_aAlquimia- _xEn el arte. _99744 |
|
| 650 | 1 | 4 |
_aGrabado- _yS.XVII. _913141 |
| 700 | 1 |
_aTorres Almodóvar, José Antonio. _9110923 |
|
| 852 |
_aES-MaACL _jL-28971 _bR.135423 |
||
| 999 |
_c91928 _d91928 |
||